书目信息 |
| 题名: |
砌体结构常用数据速查手册
|
|
| 作者: | 胡俊 主编 | |
| 分册: | ||
| 出版信息: | 北京 机械工业出版社 2007.01 |
|
| 页数: | 527页 | |
| 开本: | 21cm | |
| 丛书名: | 常用数据速查手册系列丛书 | |
| 单 册: | ||
| 中图分类: | TU36-64 | |
| 科图分类: | ||
| 主题词: | 砌块结构--qi kuai jie gou--数据--手册 | |
| 电子资源: | ||
| ISBN: | 978-7-111-20654-5 | |
| 000 | 00912nam 2200253 450 | |
| 001 | 012007621988 | |
| 005 | 20070927103139.98 | |
| 010 | @a978-7-111-20654-5@b精装@dCNY49.00 | |
| 100 | @a20070815d2007 km y0chiy0120 ea | |
| 101 | 0 | @achi |
| 102 | @aCN@b110000 | |
| 105 | @aa a 000yy | |
| 200 | 1 | @a砌体结构常用数据速查手册@Aqi ti jie gou chang yong shu ju su cha shou ce@f胡俊主编@Fhu jun zhu bian |
| 210 | @a北京@c机械工业出版社@d2007.01 | |
| 215 | @a527页@c图@d21cm | |
| 225 | 2 | @a常用数据速查手册系列丛书@Achang yong shu ju su cha shou ce xi lie cong shu |
| 320 | @a有书目。 | |
| 330 | @a本书采用表格的方式,主要内容包括:砌体结构常用术语和符号、砌体结构设计、砌体结构施工等常用数据资料。 | |
| 410 | 0 | @12001 @a常用数据速查手册系列丛书 |
| 606 | 0 | @a砌块结构@Aqi kuai jie gou@x数据@j手册 |
| 690 | @aTU36-64@v4 | |
| 701 | 0 | @a胡俊@Ahu jun@4主编 |
| 801 | 0 | @aCN@c20070927 |
| 905 | @dTU36-64@eH475 | |
| 砌体结构常用数据速查手册/胡俊主编.-北京:机械工业出版社,2007.01 |
| 527页:图;21cm.-(常用数据速查手册系列丛书) |
| ISBN 978-7-111-20654-5(精装):CNY49.00 |
| 本书采用表格的方式,主要内容包括:砌体结构常用术语和符号、砌体结构设计、砌体结构施工等常用数据资料。 |
| ● |
| 相关链接 |
|
|
|
正题名:砌体结构常用数据速查手册
索取号:TU36-64/H475
 
预约/预借
| 序号 | 登录号 | 条形码 | 馆藏地/架位号 | 状态 | 备注 |
| 1 | 245906 | 202459062 | 建筑库101/101建筑库 84排2列1层/ [索取号:TU36-64/H475] | 在馆 | |
| 2 | 245907 | 202459071 | 建筑库101/101建筑库 84排2列1层/ [索取号:TU36-64/H475] | 在馆 | |
| 3 | 245908 | 202459080 | 建筑库101/101建筑库 84排2列1层/ [索取号:TU36-64/H475] | 在馆 |